LIBRARY ONLINE CATALOGUE

Mombasa : (Record no. 13273)

MARC details
000 -LEADER
fixed length control field 00551nam a22001812 4500
001 - CONTROL NUMBER
control field 0000009755
005 - DATE AND TIME OF LATEST TRANSACTION
control field 20151217155843.0
008 - FIXED-LENGTH DATA ELEMENTS--GENERAL INFORMATION
fixed length control field 081126s xx 000 0 eng d
040 ## - CATALOGING SOURCE
Original cataloging agency KABU
Transcribing agency KABU
245 10 - TITLE STATEMENT
Title Mombasa :
Remainder of title a guide to Mombasa and surroundings /
Statement of responsibility, etc. compiled by Beatrix L. Bellingham.
250 ## - EDITION STATEMENT
Edition statement 3rd ed.
260 ## - PUBLICATION, DISTRIBUTION, ETC. (IMPRINT)
Place of publication, distribution, etc. Mombasa, Kenya :
Name of publisher, distributor, etc. Mombasa Times,
Date of publication, distribution, etc. [n.d.]
300 ## - PHYSICAL DESCRIPTION
Extent 53 p.
651 #0 - SUBJECT ADDED ENTRY--GEOGRAPHIC NAME
Geographic name Mombasa
General subdivision History.
-- 0000149494
852 1# - LOCATION
-- p100 KES
908 ## - PUT COMMAND PARAMETER (RLIN)
Put command parameter 081126
950 ## - LOCAL HOLDINGS (RLIN)
-- 1
Holdings
Withdrawn status Lost status Source of classification or shelving scheme Not for loan Home library Current library Date acquired Total Checkouts Full call number Barcode Date last seen Price effective from Koha item type
    Library of Congress Classification   Kabarak, Main Campus Kabarak, Main Campus 17/12/2015   DT434 .M7B45 c. 1 15611 17/12/2015 17/12/2015 Africana Collection